{"text_format":"3","workbook":"xlsx","n_sheets":2,"sheets":["Sheet1","报价"],"not_rendered":{"images":120,"external_links":6,"defined_names":1355},"read":"whole","date_system":"1900"}

{"sheet":"Sheet1","index":0,"n_rows":87,"n_cols":11,"rows_kept":87,"hidden":true,"merged":[[0,0,0,10],[2,0,21,0],[22,0,23,0],[24,0,40,0],[41,0,64,0],[65,0,71,0],[72,0,81,0],[84,1,84,3],[84,6,84,10],[85,1,85,3],[85,4,85,10],[86,0,86,10]]}
["建发·央玺园区标识系统工程量清单"]
["类别","序号","标识标题","尺寸mm(长*宽）","材料","数量","单位","单价","合计","附图","备注"]
["园林系统标识",1,"园区平面图","1200*950*560","详见图纸",2,"件",5160,{"$f":"F3*H3","v":10320}]
[null,2,"多向指引牌","2800*1640","详见图纸",6,"件",2880,17280]
[null,3,"儿童游乐须知","1800*500*30","详见图纸",1,"件",2220,2220]
[null,4,"园区宣传栏","220*2040*160","详见图纸",2,"件",9060,18120]
[null,5,"来访登记","300*420*35","详见图纸",1,"件",526,526]
[null,6,"花草牌","700*400","详见图纸",6,"件",516,3096]
[null,6,"消防通道\n请勿阻塞","380*250*12","详见图纸",6,"件",390,2340]
[null,7,"花草介绍牌","100*140","详见图纸",30,"件",28,840]
[null,8,"户外垃圾桶","900*850*380","详见图纸",8,"套",1760,14080]
[null,9,"请勿嬉水","120*250","详见图纸",6,"件",46,276]
[null,10,"小心坠落","120*250","详见图纸",10,"件",46,460]
[null,11,"小心地滑","120*250","详见图纸",10,"件",46,460]
[null,12,"请勿攀爬","120*250","详见图纸",10,"件",46,460]
[null,13,"小心台阶","120*250","详见图纸",10,"件",46,460]
[null,14,"严禁高空抛物","280*200*21","详见图纸",5,"件",108,540]
[null,15,"请勿随地吐痰","280*200*21","详见图纸",5,"件",108,540]
[null,16,"请看管好您的宠物","280*200*21","详见图纸",5,"件",108,540]
[null,17,"请勿吸烟","280*200*21","详见图纸",5,"件",108,540]
[null,18,"请勿高声喧哗","280*200*21","详见图纸",5,"件",108,540]
[null,19,"进入监控区","280*200*21","详见图纸",5,"件",108,540]
["楼栋标识",1,"外墙高层楼栋字",1200,"详见图纸",10,"套",729.11,7291.1]
[null,2,"高层单元楼栋字","480*360","详见图纸",8,"套",622,4976]
["室内标识",1,"推拉牌","60*55","详见图纸",7,"件",20,140]
[null,2,"进门请刷卡","60*55","详见图纸",7,"件",20,140]
[null,3,"防撞条",100,"详见图纸",100,"米",16,1600]
[null,4,"大堂信息栏","800*600*25","详见图纸",11,"套",520,5720]
[null,5,"如遇火警","50*120","详见图纸",416,"件",26,10816]
[null,6,"电梯内告示栏","265*180","详见图纸",14,"件",50,700]
[null,7,"无障碍通道","120*250","详见图纸",8,"件",46,368]
[null,8,"电梯楼层号","120*250","详见图纸",416,"件",43,17888]
[null,9,"电梯编号","80*120","详见图纸",416,"件",11.52,4792.32]
[null,10,"消防疏散图","250*400","详见图纸",416,"件",680,282880]
[null,11,"消防楼梯楼层号","380*320","详见图纸",416,"件",70,{"$f":"F35*H35","v":29120}]
[null,12,"门牌号","380*320","详见图纸",98,"件",19,1862]
[null,13,"防火门常闭","380*320","详见图纸",831,"件",22,18282]
[null,14,"大堂垃圾桶","成品定做","详见图纸",8,"件",430,3440]
[null,15,"弱电井","70*150","详见图纸",245,"件",18,4410]
[null,16,"强电井","70*150","详见图纸",244,"件",18,4392]
[null,17,"消防栓","70*150","详见图纸",548,"件",18,9864]
["功能房门牌系统标识",1,"消控中心","70*180","详见图纸",1,"件",18,18]
[null,2,"防化值班室","70*180","详见图纸",1,"件",18,18]
[null,3,"工具间","70*180","详见图纸",1,"件",18,18]
[null,4,"生活水箱","70*180","详见图纸",1,"件",18,18]
[null,5,"雨淋阀间","70*180","详见图纸",1,"件",18,18]
[null,6,"消防水泵房","70*180","详见图纸",1,"件",18,18]
[null,7,"稳压泵房","70*180","详见图纸",1,"件",18,18]
[null,8,"人防器材间","70*180","详见图纸",1,"件",18,18]
[null,9,"消防器材间","70*180","详见图纸",1,"件",18,18]
[null,10,"电视机房","70*180","详见图纸",1,"件",18,18]
[null,11,"联通机房","70*180","详见图纸",1,"件",18,18]
[null,12,"移动机房","70*180","详见图纸",1,"件",18,18]
[null,13,"电信机房","70*180","详见图纸",1,"件",18,18]
[null,14,"进风机房","70*180","详见图纸",1,"件",18,18]
[null,15,"排风机房","70*180","详见图纸",1,"件",18,18]
[null,16,"电梯机房","70*180","详见图纸",1,"件",18,18]
[null,17,"配电室","70*180","详见图纸",1,"件",18,18]
[null,18,"发电机房","70*180","详见图纸",1,"件",18,18]
[null,19,"储油间","70*180","详见图纸",1,"件",18,18]
[null,20,"集气室","70*180","详见图纸",1,"件",18,18]
[null,21,"滤毒室","70*180","详见图纸",1,"件",18,18]
[null,22,"简易洗消间","70*180","详见图纸",1,"件",18,18]
[null,23,"防毒通道","70*180","详见图纸",1,"件",18,18]
[null,24,"天台","70*180","详见图纸",1,"件",18,18]
["停车场标识",1,"入口通道挂牌（入口）","500*3500","详见图纸",2,"件",2260,4520]
[null,2,"入口通道挂牌（出口）","500*3500","详见图纸",2,"件",2260,4520]
[null,3,"指引吊牌","320*2300","详见图纸",32,"件",{"v":1860,"d":"1860.00"},59520]
[null,4,"指引吊牌","450*520","详见图纸",8,"件",31.95,255.6]
[null,5,"停车须知","450*520","详见图纸",1,"件",{"v":1040,"d":"1040.00"},1040]
[null,6,"车库总平","1200*800","详见图纸",3,"件",{"v":1040,"d":"1040.00"},3120]
[null,7,"私家车位牌","200*600","详见图纸",623,"件",66,41118]
["停车场刷漆",1,"车库出入口墙面刷漆","800*120000mm","详见图纸",96,"平方",5.26,{"$f":"F73*H73","v":504.96}]
[null,1,"车库出入口墙面(入口)","550*4660mm","详见图纸",2,"个",6.74,13.48]
[null,1,"车库出入口墙面(出口)","550*4060mm","详见图纸",6,"个",6.74,40.44]
[null,2,"柱体柱面刷漆","1150*400mm\n1150*700mm\n","详见图纸",230,"个",5.26,1209.8]
[null,3,"柱面丝印内容（ABCD）","360mm","详见图纸",460,"个",3.37,1550.2]
[null,4,"柱面丝印内容（动物）","360mm","详见图纸",460,"个",3.37,1550.2]
[null,6,"柱体柱面刷漆","250*400mm\n250*700mm\n","详见图纸",230,"个",5.26,{"$f":"F79*H79","v":1209.8}]
[null,7,"柱面丝印内容（出口）","90mm","详见图纸",230,"个",1.56,358.8]
[null,8,"电梯厅指引墙面","3600*87000mm","详见图纸",313,"平方",5.26,1646.38]
[null,9,"电梯厅指引内容","1230*760","详见图纸",8,"个",3.37,{"$f":"F82*H82","v":26.96}]
["以上合计",{"$nulls":7},{"$f":"SUM(I3:I82)","v":605496.04}]
[1,"措施项目费",null,null,1,"项",{"$f":"I83*0.02","v":{"v":12109.9208,"d":"¥12,110"}}]
[2,"管理费、利润及税金等费用",null,null,1,"项",{"$f":"(I83+G84)*0.03","v":{"v":18528.178824,"d":"¥18,528"}}]
[3,"最终总价",null,null,{"$f":"I83+G84+G85","v":{"v":636134.139624,"d":"¥636,134"}}]
["深圳市西正标识工程有限公司\n2017-07-23"]

{"sheet":"报价","index":1,"n_rows":45,"n_cols":11,"rows_kept":45,"merged":[[0,0,0,10],[40,1,40,8],[41,0,41,10],[42,1,42,10],[43,1,43,10],[44,1,44,10]]}
["R23020地块项目展示区标识标牌及交通导视系统报价清单"]
["序号","编号","标识标题","尺寸mm               ","工艺","附图","单位","数量","含税综合单价（元）","小计（含税）(元）","备注"]
[1,"A01","主入口墙面形象","1110*1690","详见图纸",null,"件",1,null,{"$f":"I3*H3","v":{"v":0,"d":"0.00"}}]
[2,"A03","节点形象","360*110","详见图纸",null,"件",1,null,{"v":0,"d":"0.00"}]
[3,"A04-1","节点形象","310*128","详见图纸",null,"件",1,null,{"v":0,"d":"0.00"}]
[4,"A04-2","节点形象","120*400","详见图纸",null,"件",1,null,{"v":0,"d":"0.00"}]
[5,"A05","景观点缀","150*150","详见图纸",null,"件",10,null,{"v":0,"d":"0.00"}]
[6,"A06","石上景观点缀","210 *120","详见图纸",null,"件",1,null,{"v":0,"d":"0.00"}]
[7,"A08","联排门牌号","340*315","详见图纸",null,"件",4,null,{"v":0,"d":"0.00"}]
[8,"A09","叠墅门牌号","340*315","详见图纸",null,"件",2,null,{"v":0,"d":"0.00"}]
[9,"A10","洋房楼栋号","1500*347","详见图纸",null,"件",2,null,{"v":0,"d":"0.00"}]
[10,"A11","洋房入户人脸识别","380*260","详见图纸",null,"件",2,null,{"v":0,"d":"0.00"}]
[11,"A12","房号牌","250*135","详见图纸",null,"件",4,null,{"v":0,"d":"0.00"}]
[12,"A14","果壳箱","800*295","详见图纸",null,"件",3,null,{"v":0,"d":"0.00"}]
[13,"A15","雨伞架","570*700","详见图纸",null,"件",1,null,{"v":0,"d":"0.00"}]
[14,"A16","迎宾台","1000*180","详见图纸",null,"件",1,null,{"v":0,"d":"0.00"}]
[15,"A18","A字牌","600*220","详见图纸",null,"件",30,null,{"v":0,"d":"0.00"},"禁止停车\n正在清洁\n小心地滑\n正在施工\n正在维修\n"]
[16,"A20","树铭牌","220*65","详见图纸",null,"件",10,null,{"v":0,"d":"0.00"}]
[17,"B01","业主共享空间首层入口形象logo ","1000*870","详见图纸",null,"件",1,null,{"v":0,"d":"0.00"}]
[18,"B02","台牌","350*60","详见图纸",null,"件",2,null,{"v":0,"d":"0.00"},"台牌/水牌各1"]
[19,"B03","业主共享空间功能牌","250*190","详见图纸",null,"件",9,null,{"v":0,"d":"0.00"},"濠上人文馆\n森氧\n稚趣\n雅聚\n澜叙\n乒悦\n茶语（新增）\n品茗（新增）\n对盏（新增）"]
[20,"B04","三级指示","500*395","详见图纸",null,"件",3,null,{"v":0,"d":"0.00"}]
[21,"B05","洗手间形象","186*120","详见图纸",null,"件",1,null,{"v":0,"d":"0.00"}]
[22,"B06","男卫/女卫","174*584","详见图纸",null,"组",1,null,{"v":0,"d":"0.00"}]
[23,"B07","更衣室","65*343","详见图纸",null,"组",1,null,{"v":0,"d":"0.00"},"一组3套内容"]
[24,"B08","电梯楼层号","60*60","详见图纸",null,"件",2,null,{"v":0,"d":"0.00"}]
[25,"B10","资料架","1800*540","详见图纸",null,"件",2,null,{"v":0,"d":"0.00"}]
[26,"B11","合同展示架","1300*600","详见图纸",null,"件",1,null,{"v":0,"d":"0.00"}]
[27,"B12","不利因素架\n装修标准","1800*540","详见图纸",null,"件",9,null,{"v":0,"d":"0.00"}]
[28,"B13","消防疏散图","250*150","详见图纸",null,"件",1,null,{"v":0,"d":"0.00"}]
[29,"B14","消火栓","123*50","详见图纸",null,"件",7,null,{"v":0,"d":"0.00"}]
[30,"B15","后勤功能牌","高50","详见图纸",null,"件",15,null,{"v":0,"d":"0.00"},"淋浴间4\n操作间2\n强弱电间1\n纸巾1\n消毒1\n排风机房1\n常闭防火门1\n水井2\n电井2\n"]
[31,"B16","地下叠墅房号牌","400*150","详见图纸",null,"件",4,null,{"v":0,"d":"0.00"}]
[32,"P01","龙门牌","5780*443","详见图纸",null,"件",1,null,{"v":0,"d":"0.00"}]
[33,"P02","指示吊牌","2400*230","详见图纸",null,"件",1,null,{"v":0,"d":"0.00"}]
[34,"P03","地库logo形象","1715*350","详见图纸",null,"件",1,null,{"v":0,"d":"0.00"}]
[35,"P04","地库洋房、叠墅入户楼栋号","灯445*190\n牌410*800","详见图纸",null,"件",3,null,{"v":0,"d":"0.00"}]
[36,"P05","地库联排入户楼栋号","灯445*190\n牌410*480","详见图纸",null,"件",2,null,{"v":0,"d":"0.00"}]
[37,"P06","业主共享空间入口形象","灯445*190\n字320*135","详见图纸",null,"件",1,null,{"v":0,"d":"0.00"}]
[38,"P07","地库形象牌","400*260","详见图纸",null,"件",1,null,{"v":0,"d":"0.00"},"洗车房\n"]
[39,"合计总报价（含税）",{"$nulls":7},{"$f":"SUM(J3:J40)","v":{"v":0,"d":"0.00"}}]
["备注：图例标识上的文字均为参考，具体内容需根据招标人需求确认"]
[null,"投标人(盖章)："]
[null,"法定代表人或委托代理人(签字或盖章)："]
[null,"日期：     年    月   日"]